European Capitals A-Z - Statistics

General Stats
  • This quiz has been taken 79 times
  • The average score is 14 of 16
Answer Stats
Letter Capital % Correct
B Bern|Berlin|Brussels|Bratislava|Budapest|Bucharest|Belgrade
100%
A Andorra La Vella|Amsterdam|Athens
95%
V Vatican City|Valletta|Vaduz|Vienna|Vilnius
95%
L London|Lisbon|Luxembourg|Ljubljana
93%
S San Marino|Stockholm|Sarajevo|Skopje|Sofia
93%
M Monaco|Madrid|Minsk|Moscow
92%
P Paris|Prague|Podgorica|Pristina
92%
H Helsinki
88%
O Oslo
88%
R Reykjavik|Rome|Riga
88%
W Warsaw
88%
C Chisinau|Copenhagen
87%
Z Zagreb
87%
D Dublin
82%
T Tallinn|Tirana
73%
K Kyiv
68%
No matching quizzes found
Score Distribution
Percent of People with Each Score
Percentile by Number Answered
Your Score History
You have not taken this quiz